Normal view
MARC view
- Damodharan,K.
Entry Personal Name
001 - CONTROL NUMBER
- control field: 4519
003 - CONTROL NUMBER IDENTIFIER
- control field: OSt
005 - DATE AND TIME OF LATEST TRANSACTION
- control field: 20191029172729.0
008 - FIXED-LENGTH DATA ELEMENTS
- fixed length control field: 191029|| aca||aabn | a|a d
040 ## - CATALOGING SOURCE
- Original cataloging agency: OSt
- Transcribing agency: OSt
100 ## - HEADING--PERSONAL NAME
- Personal name: Damodharan,K.
670 ## - SOURCE DATA FOUND
- Source citation: Work cat.: (OSt): Damodharan,K., Kerala Charithram
